NCAA Division 1 schools in Louisiana - Statistics

General Stats
  • This quiz has been taken 196 times
  • The average score is 8 of 12
Answer Stats
Primary conference Full name School % Correct
SEC Louisiana State University LSU
100%
Sun Belt University of Louisiana at Lafayette Louisiana–Lafayette
97%
Sun Belt University of Louisiana at Monroe Louisiana–Monroe
87%
American Tulane University Tulane
86%
CUSA Louisiana Tech University Louisiana Tech
85%
Southland University of New Orleans New Orleans
59%
SWAC Southern University Southern
58%
SWAC Grambling State University Grambling State
53%
Southland Nicholls State University Nicholls State
47%
Southland Southeastern Louisiana University Southeastern Louisiana
44%
Southland McNeese State University McNeese State
41%
Southland Northwestern State University Northwestern State
39%
No matching quizzes found
Score Distribution
Percent of People with Each Score
Percentile by Number Answered
Your Score History
You have not taken this quiz